000 00275nam a2200121Ia 4500
008 180730s9999||||xx |||||||||||||| ||und||
020 _a9781405328012
082 _a912
_bMOR/C
100 _aMorris, Jan
245 0 _aConcise ATLAS of The World
300 _a350p
942 _aBK
999 _c2218
_d2218